000 01123nam a2200241 i 4500
001 165264
003 ES-MaACL
005 20250822063219.0
008 980904s1875 fr |||| | fre d
040 _aCYL
_bspa
_cCYL
100 1 _aSerret, Joseph-Alfred,
_d1819-1885
_9156501
245 1 0 _aTraité d'arithmétique /
_cpar J.-A. Serret et par Ch. de Comberousse.
250 _aSixième édition revue et mise en harmonie avec les derniers programmes officiels
_bPar J.-A. Serret et par Ch. de Comberousse.
260 _aParis :
_bGauthier-Villars, imprimeur-libraire,
_c1875.
300 _aX, [2], 325 p. ;
_c22 cm.
505 8 _aContiene: Livre I- Les nombres entiers. - Livre II- Les propriétés élémentaires des nombres. - Livre III- Les fractions et les nombres décimaux. - Livre IV- Les nombres incommensurables. - Livre V- Les mesures et les applications
596 _aColofón.
597 _aAntep.
650 0 7 _aAritmética
_2embne
_99963
700 0 _aComberousse, Charles de.
_939967
852 _aES-MaACL
_jF-5024
_z-- Enc. hol., conservando la cub. original
999 _c165264
_d165264